An investigation of greenhouse effect on flow through ducts / (رقم التسجيلة. 9586)

تفاصيل مارك
000 -LEADER
fixed length control field 011020000a22002770004500
003 - CONTROL NUMBER IDENTIFIER
control field EG-GICUC
005 - DATE AND TIME OF LATEST TRANSACTION
control field 20250223025300.0
008 - FIXED-LENGTH DATA ELEMENTS--GENERAL INFORMATION
fixed length control field 080525s2003 ua d f m 000 0 eng d
040 ## - CATALOGING SOURCE
Original cataloging agency EG-GICUC
Language of cataloging eng
Transcribing agency EG-GICUC
041 0# - LANGUAGE CODE
Language code of text/sound track or separate title Eng
049 ## - LOCAL HOLDINGS (OCLC)
Holding library Gift
097 ## - Thesis Degree
Thesis Level M.Sc
099 ## - LOCAL FREE-TEXT CALL NUMBER (OCLC)
Classification number Cai01.13.11.M.Sc.2003.Ya.I
100 0# - MAIN ENTRY--PERSONAL NAME
Personal name Yassen Elsayed Yassen
245 13 - TITLE STATEMENT
Title An investigation of greenhouse effect on flow through ducts /
Statement of responsibility, etc. Yassen Elsayed Yassen ; Supervised Fawzy M.A.Elotla , Ahmed Sharaf Abdelhamed
246 15 - VARYING FORM OF TITLE
Title proper/short title التحقيق لأثر الاحتباس الحرارى على السريان خلال الانفاق
260 ## - PUBLICATION, DISTRIBUTION, ETC.
Place of publication, distribution, etc. Port Said :
Name of publisher, distributor, etc. Yassen Elsayed Yassen ,
Date of publication, distribution, etc. 2003
300 ## - PHYSICAL DESCRIPTION
Extent 87P. :
Other physical details charts ;
Dimensions 25cm
502 ## - DISSERTATION NOTE
Dissertation note Thesis (M.Sc.) - Suez Canal University - Faculty Of Engineering , Port Said - Department Of Mechanical Power Engineering
700 0# - ADDED ENTRY--PERSONAL NAME
Personal name Ahmed Sharaf Abdelhamed ,
Relator term
700 0# - ADDED ENTRY--PERSONAL NAME
Personal name Fawzy Mohamed Abdou Elotla ,
Relator term
856 ## - ELECTRONIC LOCATION AND ACCESS
Uniform Resource Identifier <a href="http://172.23.153.220/th.pdf">http://172.23.153.220/th.pdf</a>
905 ## - LOCAL DATA ELEMENT E, LDE (RLIN)
Cataloger Mustafa
Reviser Revisor
905 ## - LOCAL DATA ELEMENT E, LDE (RLIN)
Cataloger Samia
Reviser Cataloger
942 ## - ADDED ENTRY ELEMENTS (KOHA)
Source of classification or shelving scheme Dewey Decimal Classification
Koha item type Thesis
المقتنيات
Source of classification or shelving scheme Not for loan Home library Current library Date acquired Full call number Barcode Date last seen Koha item type
Dewey Decimal Classification   المكتبة المركزبة الجديدة - جامعة القاهرة قاعة الرسائل الجامعية - الدور الاول 11.02.2024 Cai01.13.11.M.Sc.2003.Ya.I 01010110049048000 22.09.2023 Thesis
Cairo University Libraries Portal Implemented & Customized by: Eng. M. Mohamady Contacts: new-lib@cl.cu.edu.eg | cnul@cl.cu.edu.eg
CUCL logo CNUL logo
© All rights reserved — Cairo University Libraries
CUCL logo
Implemented & Customized by: Eng. M. Mohamady Contact: new-lib@cl.cu.edu.eg © All rights reserved — New Central Library
CNUL logo
Implemented & Customized by: Eng. M. Mohamady Contact: cnul@cl.cu.edu.eg © All rights reserved — Cairo National University Library